[Event "op, Las Palmas"]
[Site "Las Palmas"]
[Date "1995.??.??"]
[Round "?"]
[White "Vaisser, A."]
[Black "Brito, A."]
[Result "1/2-1/2"]
[WhiteElo "2555"]
[BlackElo "2360"]
[PlyCount "104"]
[EventDate "1995.??.??"]
[Source "www.chesslib.no"]
[SourceDate "2004.05.04"]

1. d4 Nf6 2. c4 g6 3. Nc3 Bg7 4. e4 d6 5. f4 O-O 6. Nf3 c5 7. d5 e6 8. Be2 exd5 9. cxd5 Bg4 10. O-O Nbd7 11. Re1 Re8 12. h3 Bxf3 13. Bxf3 Rb8 14. a4 h5 15. Re2 a6 16. a5 b5 17. axb6 Rxb6 18. Qd3 Qc8 19. Ra4 Qb7 20. Qc4 Qc8 21. Qa2 Nh7 22. Be3 Bh6 23. Nb1 Qb7 24. Na3 g5 25. fxg5 Bxg5 26. Nc4 Ne5 27. Nxb6 Qxb6 28. Rxa6 Qd8 29. Ra3 Kh8 30. Bxh5 Rg8 31. Bg4 Nxg4 32. hxg4 Bf6 33. Qa1 Be5 34. Bf2 Qg5 35. Ra8 Nf8 36. Qf1 Kg7 37. Re3 Rh8 38. Rh3 Rxh3 39. gxh3 Qf4 40. Qd3 Qc1+ 41. Kg2 Ng6 42. Be3 Qe1 43. Bg5 Bd4 44. Qf1 Qxe4+ 45. Qf3 Qc2+ 46. Kf1 Qb1+ 47. Ke2 Qxb2+ 48. Kd1 Qb1+ 49. Ke2 Qb5+ 50. Kd1 Qb1+ 51. Ke2 Qc2+ 52. Kf1 Qc4+ 1/2-1/2

[Event "Metz op"]
[Site "Metz"]
[Date "1996.??.??"]
[Round "?"]
[White "Buckley, Graeme"]
[Black "Timoscenko, Genadij"]
[Result "0-1"]
[WhiteElo "2385"]
[BlackElo "2530"]
[PlyCount "176"]
[EventDate "1996.04.??"]
[Source "www.chesslib.no"]
[SourceDate "2004.05.04"]

1. d4 Nf6 2. c4 g6 3. Nc3 Bg7 4. e4 d6 5. f4 O-O 6. Nf3 c5 7. d5 e6 8. Be2 exd5 9. cxd5 Bg4 10. O-O Nbd7 11. h3 Bxf3 12. Bxf3 Re8 13. Qc2 c4 14. Be3 a6 15. Rae1 Rc8 16. Qf2 h6 17. Bd4 Qc7 18. Kh1 b5 19. a3 Qb8 20. Re2 a5 21. a4 bxa4 22. Rfe1 Nh7 23. Bxg7 Kxg7 24. Qd4+ f6 25. Bg4 Nhf8 26. Ra1 Rc5 27. Rc2 Nb6 28. Kh2 h5 29. Bf3 Nfd7 30. Nxa4 Nxa4 31. Rxa4 c3 32. bxc3 Qc7 33. Rca2 Ra8 34. R4a3 Rb8 35. Qf2 Rb1 36. Rb2 Rb5 37. Rxb5 Rxb5 38. c4 Rb1 39. Be2 Rb2 40. Qe3 Qc5 41. Bd1 Qxe3 42. Rxe3 Rd2 43. Ba4 Nc5 44. Bb5 a4 45. Kg3 h4+ 46. Kh2 Nd3 47. e5 fxe5 48. fxe5 Nxe5 49. Ra3 g5 50. Kg1 Nd3 51. Bxa4 Nf4 52. Bd7 Rxg2+ 53. Kf1 Rc2 54. Ra6 Kf7 55. Rxd6 Ke7 56. c5 Rc1+ 57. Kf2 Nd3+ 58. Kf3 Rxc5 59. Rc6 Ne5+ 60. Ke4 Nxc6 61. dxc6 Kd6 62. Kd4 Rc1 63. Ke3 Rc3+ 64. Kd2 Rc4 65. Ke3 Kd5 66. Kd3 Rc5 67. Ke3 Rc3+ 68. Kd2 Kd4 69. Ke2 Ke4 70. Kd2 Rc5 71. Ke2 Kf4 72. Kd3 g4 73. Bxg4 Rxc6 74. Ke2 Kg3 75. Ke3 Rg6 76. Bd7 Rg7 77. Bc8 Re7+ 78. Kd3 Kf2 79. Bg4 Re3+ 80. Kd4 Ra3 81. Bd7 Kf3 82. Be6 Kf4 83. Bg4 Rg3 84. Bc8 Rg8 85. Be6 Rd8+ 86. Kc4 Kg3 87. Bg4 Rd2 88. Kc3 Rh2 0-1

[Event "Ch Georgia women"]
[Site "?"]
[Date "2005.05.18"]
[Round "12"]
[White "Javakhishvili Lela"]
[Black "Dzagnidze Nana"]
[Result "1/2-1/2"]
[WhiteElo "2430"]
[BlackElo "2482"]
[PlyCount "114"]
[EventDate "2005.??.??"]
[Source "www.chesslib.no"]
[SourceDate "2004.05.04"]

1. d4 Nf6 2. c4 g6 3. Nc3 Bg7 4. e4 d6 5. f4 O-O 6. Nf3 c5 7. d5 e6 8. Be2 exd5 9. cxd5 Bg4 10. O-O Nbd7 11. Re1 Ne8 12. Be3 Rb8 13. a4 a6 14. Nd2 Bxe2 15. Qxe2 f5 16. Bf2 fxe4 17. Qxe4 Nc7 18. Qf3 b5 19. axb5 axb5 20. Nde4 b4 21. Nd1 Ne5 22. Qg3 Nf7 23. Qd3 Ra8 24. Rb1 Ra2 25. h4 Qa8 26. Ne3 Rxb2 27. Rxb2 Bxb2 28. h5 Bg7 29. Bh4 Qa3 30. Qd1 Nh6 31. hxg6 Rxf4 32. gxh7+ Kh8 33. Nc2 Qa2 34. Bg3 Rxe4 35. Rxe4 b3 36. Re2 bxc2 37. Rxc2 Qb3 38. Bxd6 Bd4+ 39. Kh1 Nxd5 40. Rd2 Qxd1+ 41. Rxd1 Ne3 42. Rxd4 cxd4 43. Be5+ Kxh7 44. Bxd4 Neg4 45. Kg1 Kg6 46. g3 Kf5 47. Bg7 Nf7 48. Kg2 Ng5 49. Bb2 Ne3+ 50. Kg1 Kg4 51. Bc1 Nh3+ 52. Kh1 Nc2 53. Kg2 Ne1+ 54. Kf1 Nd3 55. Bf4 Kf3 56. Bb8 Nhf2 57. Bc7 Ng4 1/2-1/2

[Event "Quebec Open"]
[Site "Montreal CAN"]
[Date "2007.07.20"]
[Round "1"]
[White "Hua, L."]
[Black "Nataf, IA."]
[Result "0-1"]
[WhiteElo "2323"]
[BlackElo "2588"]
[PlyCount "90"]
[EventDate "2007.07.20"]
[Source "www.chesslib.no"]
[SourceDate "2004.05.04"]

1. d4 Nf6 2. c4 g6 3. Nc3 Bg7 4. e4 d6 5. f4 c5 6. d5 O-O 7. Nf3 e6 8. Be2 exd5 9. cxd5 Bg4 10. O-O Nbd7 11. Re1 Bxf3 12. Bxf3 Ne8 13. Be3 Nc7 14. a4 Re8 15. Bf2 a6 16. Qd3 Rb8 17. a5 b5 18. axb6 Rxb6 19. Ra2 Rb4 20. e5 dxe5 21. d6 Ne6 22. Nd5 Nxf4 23. Qxa6 Nxd5 24. Bxd5 e4 25. Qa7 Bd4 26. Bxd4 Rxd4 27. Qb7 Rd2 28. b4 e3 29. Rf1 Rxa2 30. Bxf7+ Kh8 31. Bxa2 e2 32. Re1 Qh4 33. g3 Qd4+ 34. Kg2 Qxd6 35. Qd5 Qf6 36. Qxd7 Rf8 37. Bf7 Rxf7 38. Qe8+ Kg7 39. Qxe2 cxb4 40. Qe4 Qf2+ 41. Kh1 b3 42. Qb4 b2 43. Qc3+ Qf6 44. Qxf6+ Kxf6 45. Rb1 Rb7 0-1

[Event "10th Open, Kavala GRE"]
[Site "?"]
[Date "2001.??.??"]
[Round "4"]
[White "Banikas, H."]
[Black "Dochev, D."]
[Result "1/2-1/2"]
[WhiteElo "2530"]
[BlackElo "2380"]
[PlyCount "101"]
[EventDate "2001.??.??"]
[Source "www.chesslib.no"]
[SourceDate "2004.05.04"]

1. d4 Nf6 2. c4 g6 3. Nc3 Bg7 4. e4 d6 5. f4 c5 6. d5 O-O 7. Nf3 e6 8. Be2 exd5 9. cxd5 Bg4 10. O-O Nbd7 11. Re1 Re8 12. h3 Bxf3 13. Bxf3 Qa5 14. Be3 b5 15. a3 Nb6 16. e5 Nc4 17. exf6 Nxe3 18. Rxe3 Rxe3 19. fxg7 Rae8 20. f5 b4 21. axb4 Qxb4 22. Qd2 Qh4 23. Rf1 a6 24. Bg4 Qg3 25. Qf2 Qxf2+ 26. Rxf2 Kxg7 27. Be2 gxf5 28. Bxa6 Rb8 29. Bf1 Re1 30. Kh2 Rb4 31. g3 Kf6 32. Bd3 Re5 33. g4 f4 34. Bxh7 Kg5 35. Bd3 Re3 36. Bf1 f5 37. gxf5 Kxf5 38. Nb5 Ke5 39. Na3 Kxd5 40. Nc2 Rbb3 41. Nxe3+ fxe3 42. Rg2 Ke4 43. h4 d5 44. h5 d4 45. h6 Rb6 46. Rg4+ Kf3 47. Rh4 Rxb2+ 48. Kg1 Rb1 49. Rh2 d3 50. h7 d2 51. Rh3+ 1/2-1/2

[Event "Golden Cleopatra"]
[Site "Cairo"]
[Date "1998.??.??"]
[Round "5"]
[White "Mohamed, Esam Ahmed Nagib"]
[Black "Khmelnitsky, Sergei"]
[Result "1-0"]
[WhiteElo "2485"]
[BlackElo "2420"]
[PlyCount "143"]
[EventDate "1998.??.??"]
[Source "www.chesslib.no"]
[SourceDate "2004.05.04"]

1. d4 Nf6 2. c4 g6 3. Nc3 Bg7 4. e4 d6 5. f4 c5 6. d5 O-O 7. Nf3 e6 8. Be2 exd5 9. cxd5 Bg4 10. O-O Nbd7 11. Re1 Re8 12. h3 Bxf3 13. Bxf3 a6 14. a4 Rb8 15. a5 b5 16. axb6 Rxb6 17. Re2 Qb8 18. Ra2 h6 19. Qe1 Nh7 20. Kh2 c4 21. Be3 Rb3 22. Qd2 Qc8 23. Bd4 Bxd4 24. Qxd4 Qc5 25. Rd2 g5 26. Bd1 Rb7 27. fxg5 Nxg5 28. Ba4 Rc8 29. Bc6 Rbc7 30. Bxd7 Qxd4 31. Rxd4 Rxd7 32. Rxa6 Kf8 33. h4 Nh7 34. Nb5 Ke7 35. Na7 Rc5 36. Nc6+ Kf8 37. Ra8+ Kg7 38. Ra3 Nf6 39. Rg3+ Kf8 40. Rf3 Kg7 41. Rc3 Rb7 42. Rdxc4 Rxc4 43. Rxc4 Rxb2 44. Ne7 Ng4+ 45. Kg3 Rxg2+ 46. Kf4 Ne5 47. Nf5+ Kf6 48. Rc7 Rf2+ 49. Ke3 Rf3+ 50. Ke2 Rf4 51. Ke3 Rf3+ 52. Kd2 Rf4 53. Nxd6 Rxh4 54. Rc1 Rh3 55. Ke2 Ng4 56. Nc4 Ke7 57. Ra1 Rc3 58. Ra4 h5 59. Kd2 Rb3 60. d6+ Ke6 61. Ra7 Rb5 62. Re7+ Kf6 63. Re8 Rb7 64. e5+ Kg6 65. Re7 Rb5 66. Ke2 Nxe5 67. Nxe5+ Kf6 68. Nd7+ Kg7 69. Ne5 Kf6 70. Nc4 Rd5 71. Re8 Kg7 72. Ne3 1-0

[Event "NED-ch33"]
[Site "Leeuwarden NED"]
[Date "1978.??.??"]
[Round "11"]
[White "Ree, Hans"]
[Black "Hartoch, Robert G"]
[Result "1/2-1/2"]
[WhiteElo "2500"]
[BlackElo "2405"]
[PlyCount "44"]
[EventDate "1978.??.??"]
[Source "www.chesslib.no"]
[SourceDate "2004.05.04"]

1. d4 Nf6 2. c4 c5 3. d5 g6 4. Nc3 Bg7 5. e4 d6 6. f4 O-O 7. Nf3 e6 8. Be2 exd5 9. cxd5 Bg4 10. O-O Nbd7 11. Ng5 Bxe2 12. Qxe2 Re8 13. e5 dxe5 14. f5 e4 15. fxg6 hxg6 16. Be3 Ne5 17. Rad1 b6 18. Ngxe4 Nxe4 19. Nxe4 Qd7 20. Bh6 Qg4 21. Qxg4 Nxg4 22. Bxg7 Rxe4 1/2-1/2

[Event "Memorial G.Agzamov"]
[Site "Tashkent (Uzbekistan)"]
[Date "1988.??.??"]
[Round "?"]
[White "Barsov, Alexei"]
[Black "Kantsler, Boris"]
[Result "1/2-1/2"]
[WhiteElo "2450"]
[BlackElo "2450"]
[PlyCount "65"]
[EventDate "1988.??.??"]
[Source "www.chesslib.no"]
[SourceDate "2004.05.04"]

1. d4 Nf6 2. c4 g6 3. Nc3 Bg7 4. e4 d6 5. f4 O-O 6. Nf3 c5 7. d5 e6 8. Be2 exd5 9. cxd5 Bg4 10. O-O Nbd7 11. h3 Bxf3 12. Bxf3 c4 13. Be3 Re8 14. Bd4 Rc8 15. Kh1 Nc5 16. e5 dxe5 17. fxe5 Nfd7 18. e6 fxe6 19. dxe6 Nxe6 20. Bxg7 Kxg7 21. Bxb7 Rc7 22. Bd5 Nf6 23. Bxe6 Qxd1 24. Raxd1 Rxe6 25. Rd4 Kh6 26. Kh2 Rb6 27. Rf2 g5 28. Nd1 Re6 29. Rc2 Re4 30. Rd6 Kg7 31. Nf2 Rf4 32. Nd3 Re4 33. Nf2 1/2-1/2

[Event "Baku (Azerbaijan)"]
[Site "?"]
[Date "2002.??.??"]
[Round "7"]
[White "Mamedyarov Shakhriyar"]
[Black "Badalov Samir"]
[Result "1-0"]
[WhiteElo "2596"]
[BlackElo "2303"]
[PlyCount "77"]
[EventDate "2002.??.??"]
[Source "www.chesslib.no"]
[SourceDate "2004.05.04"]

1. d4 g6 2. c4 Nf6 3. Nc3 Bg7 4. e4 d6 5. f4 O-O 6. Nf3 c5 7. d5 e6 8. Be2 exd5 9. cxd5 Bg4 10. O-O Nbd7 11. h3 Bxf3 12. Bxf3 Re8 13. Kh1 a6 14. a4 c4 15. Be3 Qa5 16. Bd4 Re7 17. Qe1 Nc5 18. Qh4 Ncd7 19. Bg4 Rae8 20. Bxd7 Nxd7 21. Bxg7 Kxg7 22. e5 dxe5 23. d6 Re6 24. f5 gxf5 25. Rxf5 Qd8 26. Qg4+ Rg6 27. Qxc4 f6 28. Ne4 Qc8 29. Rc1 Qxc4 30. Rxc4 Kf7 31. Rc7 Ke6 32. g4 Kd5 33. Rxd7 Kxe4 34. Rxb7 Re6 35. Rb6 Rg8 36. Rxa6 Rd8 37. b4 Rdxd6 38. Rxd6 Rxd6 39. a5 1-0

[Event "CXEB"]
[Site "?"]
[Date "1998.11.16"]
[Round "?"]
[White "Rain Ricardo Ernesto (BR"]
[Black "Tosti Ricardo Remigio (AR"]
[Result "1/2-1/2"]
[WhiteElo "2420"]
[BlackElo "2475"]
[PlyCount "75"]
[EventDate "1998.??.??"]
[Source "www.chesslib.no"]
[SourceDate "2004.05.04"]

1. d4 Nf6 2. c4 g6 3. Nc3 Bg7 4. e4 d6 5. f4 O-O 6. Nf3 c5 7. d5 e6 8. Be2 exd5 9. cxd5 Bg4 10. O-O Nbd7 11. Re1 Re8 12. h3 Bxf3 13. Bxf3 Qa5 14. Be3 b5 15. a3 Nb6 16. e5 Nc4 17. exf6 Nxe3 18. Rxe3 Rxe3 19. fxg7 Rae8 20. f5 b4 21. axb4 Qxb4 22. Qd2 Qh4 23. fxg6 hxg6 24. Nb5 R8e5 25. Rf1 Qg5 26. Qf2 Rf5 27. Kh1 Qe7 28. Qd2 Rfe5 29. Na3 Qh4 30. Qf2 Qxf2 31. Rxf2 Re1+ 32. Kh2 Re7 33. Nc4 Rd7 34. h4 Kxg7 35. g4 Rc1 36. Be2 Re7 37. Bd3 Rd1 38. Rf3 1/2-1/2

[Event "Capablanca mem-A 13th"]
[Site "Cienfuegos"]
[Date "1976.05.25"]
[Round "9"]
[White "Peev, Peicho Chonev"]
[Black "Honfi, Karoly"]
[Result "1-0"]
[WhiteElo "2430"]
[BlackElo "2460"]
[PlyCount "65"]
[EventDate "1976.05.17"]
[Source "www.chesslib.no"]
[SourceDate "2004.05.04"]

1. d4 Nf6 2. c4 c5 3. d5 e6 4. Nc3 exd5 5. cxd5 d6 6. e4 g6 7. f4 Bg7 8. Nf3 O-O 9. Be2 Bg4 10. O-O Nbd7 11. Nd2 Bxe2 12. Qxe2 Re8 13. Qf3 Qa5 14. a4 Qb4 15. Kh1 a6 16. a5 b5 17. axb6 Nxb6 18. g4 c4 19. g5 Nfd7 20. e5 dxe5 21. f5 e4 22. Ndxe4 Re5 23. Qg2 a5 24. fxg6 fxg6 25. Bf4 Rf5 26. Bd6 Rxf1+ 27. Rxf1 Qb3 28. Nf6+ Kh8 29. Qh3 Bxf6 30. gxf6 Qxb2 31. Qh6 Nxf6 32. Be5 Nbd7 33. Rxf6 1-0

[Event "Bern (zt)"]
[Site "?"]
[Date "1990.??.??"]
[Round "?"]
[White "Rechlis, S."]
[Black "Zueger, B."]
[Result "1-0"]
[WhiteElo "2470"]
[BlackElo "2415"]
[PlyCount "67"]
[EventDate "1990.??.??"]
[Source "ChessBase"]
[SourceDate "1990.01.01"]

1. d4 Nf6 2. c4 g6 3. Nc3 Bg7 4. e4 d6 5. f4 O-O 6. Nf3 c5 7. d5 e6 8. Be2 exd5 9. cxd5 Bg4 10. O-O Nbd7 11. Re1 Re8 12. h3 Bxf3 13. Bxf3 a6 14. a4 Rb8 15. a5 h5 16. Be3 Nh7 17. Kh1 Qh4 18. Rf1 f5 19. Bf2 Qxf4 20. exf5 Qxf5 21. Bg3 Bxc3 22. bxc3 Ne5 23. Bg4 Qg5 24. Bf4 Qf6 25. Be6+ Rxe6 26. dxe6 Qxe6 27. Bxe5 dxe5 28. Rb1 Nf8 29. Rb6 Qc4 30. Rbf6 Re8 31. Qd6 Nh7 32. Rxg6+ Kh8 33. Rf3 e4 34. Qd7 1-0

[Event "Corr"]
[Site "?"]
[Date "1998.??.??"]
[Round "?"]
[White "Mercadal Benejam Josep"]
[Black "Llorente Galardy Jorge"]
[Result "1-0"]
[WhiteElo "2505"]
[BlackElo "2380"]
[PlyCount "47"]
[EventDate "1998.??.??"]
[Source "www.chesslib.no"]
[SourceDate "2004.05.04"]

1. d4 Nf6 2. c4 g6 3. Nc3 Bg7 4. e4 d6 5. f4 O-O 6. Nf3 c5 7. d5 e6 8. Be2 exd5 9. cxd5 Bg4 10. O-O Nbd7 11. Re1 Re8 12. h3 Bxf3 13. Bxf3 a6 14. a4 b6 15. g4 h6 16. h4 Nh7 17. g5 Rb8 18. Qe2 c4 19. Qxc4 Rc8 20. Qxa6 Rxc3 21. bxc3 Bxc3 22. Be3 f5 23. a5 bxa5 24. Qxd6 1-0

[Event "MK Cafe op"]
[Site "Koszalin"]
[Date "1997.08.05"]
[Round "4"]
[White "Borbjerggaard, Lars"]
[Black "Markowski, Tomasz"]
[Result "0-1"]
[WhiteElo "2365"]
[BlackElo "2515"]
[PlyCount "110"]
[EventDate "1997.08.03"]
[Source "www.chesslib.no"]
[SourceDate "2004.05.04"]

1. d4 g6 2. c4 Bg7 3. Nc3 c5 4. d5 d6 5. e4 Nf6 6. Be2 e6 7. f4 O-O 8. Nf3 exd5 9. cxd5 Bg4 10. O-O Nbd7 11. Nd2 Bxe2 12. Qxe2 Re8 13. Qf3 c4 14. Nxc4 Rc8 15. Nxd6 Qb6+ 16. Kh1 Qxd6 17. e5 Qb4 18. exf6 Nxf6 19. f5 Re5 20. Qd3 Rxf5 21. Rxf5 gxf5 22. Bd2 Ne4 23. Nxe4 Qxb2 24. Rb1 fxe4 25. Rxb2 exd3 26. Rb3 Rc4 27. Rxd3 Kf8 28. g3 Ke7 29. a3 Bd4 30. Bb4+ Bc5 31. Bxc5+ Rxc5 32. Kg2 Kd6 33. Rf3 Rc7 34. Rf5 b5 35. Kf3 Re7 36. Rh5 f6 37. Rf5 a5 38. Rxf6+ Kxd5 39. Ra6 a4 40. Rb6 Kc4 41. Kf4 Rc7 42. g4 Rc5 43. g5 Kb3 44. Rb7 Kxa3 45. Rxh7 b4 46. g6 Rc8 47. Rb7 b3 48. h4 Kb2 49. h5 a3 50. h6 a2 51. Ra7 a1=Q 52. Rxa1 Kxa1 53. g7 b2 54. h7 b1=Q 55. g8=Q Qb8+ 0-1

[Event "IBM-B"]
[Site "Amsterdam"]
[Date "1978.??.??"]
[Round "2"]
[White "Bohm, Hans"]
[Black "Rodriguez, Amador"]
[Result "1/2-1/2"]
[WhiteElo "2410"]
[BlackElo "2470"]
[PlyCount "40"]
[EventDate "1978.07.??"]
[Source "www.chesslib.no"]
[SourceDate "2004.05.04"]

1. d4 Nf6 2. c4 g6 3. Nc3 Bg7 4. e4 d6 5. f4 c5 6. d5 O-O 7. Nf3 e6 8. Be2 exd5 9. cxd5 Bg4 10. O-O Nbd7 11. h3 Bxf3 12. Bxf3 Ne8 13. a4 Rb8 14. Be3 a6 15. a5 Nc7 16. Ra2 Re8 17. Bf2 b5 18. axb6 Rxb6 19. Qc2 Qb8 20. Re1 Rb4 1/2-1/2

[Event "Podolsk"]
[Site "Podolsk"]
[Date "1989.??.??"]
[Round "?"]
[White "Piskov, Y."]
[Black "Neverov, V."]
[Result "0-1"]
[WhiteElo "2410"]
[BlackElo "2465"]
[PlyCount "70"]
[EventDate "1989.??.??"]
[Source "www.chesslib.no"]
[SourceDate "2004.05.04"]

1. d4 Nf6 2. c4 g6 3. Nc3 Bg7 4. e4 d6 5. f4 O-O 6. Nf3 c5 7. d5 e6 8. Be2 exd5 9. cxd5 Bg4 10. O-O Nfd7 11. Ng5 Bxe2 12. Qxe2 h6 13. Nf3 Re8 14. Qc2 Na6 15. Be3 f5 16. Nd2 Nf6 17. h3 Nb4 18. Qb3 Nxe4 19. Ndxe4 fxe4 20. f5 gxf5 21. Rxf5 Nd3 22. Raf1 Qb6 23. Qd1 Qxb2 24. Na4 Qb4 25. a3 Qc4 26. Qh5 Rf8 27. Rf7 Rxf7 28. Rxf7 Ne5 29. Re7 Qxa4 30. Rxg7+ Kxg7 31. Bxh6+ Kg8 32. Qg5+ Kf7 33. Qg7+ Ke8 34. Bg5 Qd4+ 35. Kh1 Qa1+ 0-1

[Event "Summer I"]
[Site "Alushta"]
[Date "2004.05.21"]
[Round "12"]
[White "Svirjov, Igor"]
[Black "Kulicov, Oleg Anatolie"]
[Result "1-0"]
[WhiteElo "2450"]
[BlackElo "2422"]
[PlyCount "77"]
[EventDate "2004.05.13"]
[Source "Roberto Alvarez"]
[SourceDate "2004.05.31"]

1. d4 Nf6 2. c4 g6 3. Nc3 Bg7 4. e4 O-O 5. f4 d6 6. Nf3 c5 7. d5 e6 8. Be2 exd5 9. cxd5 Bg4 10. O-O Nbd7 11. h3 Bxf3 12. Bxf3 a6 13. a4 c4 14. Re1 Re8 15. Be3 Qa5 16. Qe2 Rac8 17. Qf2 Nc5 18. Bxc5 Qxc5 19. Qxc5 Rxc5 20. e5 dxe5 21. fxe5 Nd7 22. Ne4 Rc7 23. d6 Rcc8 24. Bg4 Rcd8 25. Bxd7 Rxd7 26. Nc5 Rdd8 27. Nxb7 Rd7 28. Nc5 Ra7 29. Rad1 Rd8 30. e6 fxe6 31. Nxe6 Rdd7 32. Nc5 Rd8 33. d7 Kf7 34. Rf1+ Kg8 35. Rde1 Bd4+ 36. Kh1 Raa8 37. Ne6 Rxd7 38. Rd1 Re8 39. Rxd4 1-0

[Event "World Cup VI Final"]
[Site "Cork World Cup VI Final"]
[Date "1994.??.??"]
[Round "?"]
[White "Olsson, Lars Sture"]
[Black "Berglof, Harald"]
[Result "0-1"]
[WhiteElo "2415"]
[BlackElo "2440"]
[PlyCount "76"]
[EventDate "1994.??.??"]
[Source "www.chesslib.no"]
[SourceDate "2004.05.04"]

1. d4 g6 2. c4 Bg7 3. Nc3 d6 4. e4 Nf6 5. f4 O-O 6. Nf3 c5 7. d5 e6 8. Be2 exd5 9. cxd5 Bg4 10. O-O Nbd7 11. Nd2 Bxe2 12. Qxe2 Re8 13. Qf3 Rc8 14. Nc4 Nb6 15. Nd2 c4 16. Rb1 Qc7 17. g4 a6 18. g5 Nfd7 19. h4 Na8 20. f5 b5 21. f6 Bh8 22. Kg2 b4 23. Ne2 c3 24. bxc3 bxc3 25. Nb3 Ne5 26. Qh3 c2 27. Ra1 Nb6 28. h5 Qd7 29. Rh1 h6 30. hxg6 Qxh3+ 31. Rxh3 Nxg6 32. Rxh6 Nxd5 33. Ng3 Nc3 34. Nd2 Rb8 35. Rh1 Rb1 36. Ba3 Rd1 37. Nc4 Nb1 38. Bc1 Nh4+ 0-1

[Event "Barcza mem"]
[Site "Debrecen"]
[Date "1987.??.??"]
[Round "9"]
[White "Deak, Sandor"]
[Black "Uhlmann, Wolfgang"]
[Result "0-1"]
[WhiteElo "2330"]
[BlackElo "2525"]
[PlyCount "69"]
[EventDate "1987.06.21"]
[Source "www.chesslib.no"]
[SourceDate "2004.05.04"]

1. d4 Nf6 2. c4 g6 3. Nc3 Bg7 4. e4 d6 5. f4 O-O 6. Nf3 c5 7. d5 a6 8. a4 e6 9. Be2 exd5 10. cxd5 Re8 11. e5 dxe5 12. fxe5 Ng4 13. O-O Nxe5 14. Bf4 Nbd7 15. d6 Nxf3+ 16. Bxf3 Ne5 17. Bd5 Be6 18. Ne4 c4 19. Kh1 Nd3 20. Bxb7 Rb8 21. Bc6 Rf8 22. Bg5 f6 23. Bh4 Qc8 24. Qe2 Rxb2 25. Qf3 Ne5 26. Qc3 Rb3 27. d7 Qxc6 28. Qxe5 fxe5 29. Rxf8+ Bxf8 30. Nf6+ Kf7 31. d8=Q Rd3 32. Qb8 Rd2 33. Rg1 Bh3 34. Bf2 Qxf6 35. Rf1 0-1

[Event "IHEM 2003"]
[Site "Hamburg"]
[Date "2003.06.14"]
[Round "9.3"]
[White "Bach, Matthias"]
[Black "Moreno Carnero, Javier"]
[Result "0-1"]
[WhiteElo "2349"]
[BlackElo "2504"]
[PlyCount "70"]
[EventDate "2003.06.07"]
[Source "Roberto Alvarez"]
[SourceDate "2003.06.16"]

1. d4 Nf6 2. c4 g6 3. Nc3 Bg7 4. e4 d6 5. f4 c5 6. d5 O-O 7. Nf3 e6 8. Be2 exd5 9. cxd5 Bg4 10. O-O Nbd7 11. Re1 Ne8 12. Ng5 Bxe2 13. Rxe2 Nc7 14. Qe1 Re8 15. Qg3 b5 16. e5 dxe5 17. Nce4 Nf6 18. d6 Nxe4 19. Nxe4 Ne6 20. fxe5 Nd4 21. Rf2 Rxe5 22. Bg5 Qd7 23. Nf6+ Bxf6 24. Bxf6 Ne2+ 25. Rxe2 Rxe2 26. Rd1 Rae8 27. a3 a5 28. b3 b4 29. Qf3 bxa3 30. Bc3 h5 31. Qf6 Rxg2+ 32. Kf1 Qb5+ 33. Kxg2 Qe2+ 34. Qf2 Qg4+ 35. Qg3 Qxd1 0-1